Statystyki dla Stolice państw azjatyckich

Kliknij tutaj aby rozwiązać quiz!

Ogólne statystyki

  • Ten quiz został rozwiązany 305 razy
    (101 od ostatniego zresetowania)
  • Średni wynik to 23 z 49

Statystyki odpowiedzi

PaństwoStolica% Poprawnych
IndieNowe Delhi
100%
TurcjaAnkara
80%
IndonezjaDżakarta
80%
WietnamHanoi
80%
IzraelJerozolima
80%
RosjaMoskwa
80%
ChinyPekin
80%
Korea PółnocnaPjongjang
80%
Korea PołudniowaSeul
80%
SingapurSingapur
80%
GruzjaTbilisi
80%
JaponiaTokio
80%
MongoliaUłan Bator
80%
Zjednoczone
Emiarty
Arabskie
Abu Zabi
60%
AzerbejdzanBaku
60%
TajlandiaBangkok
60%
SyriaDamaszek
60%
ArmeniaErywań
60%
AfganistanKabul
60%
KuwejtKuwejt
60%
MalediwyMale
60%
CyprNikozja
60%
Arabia SaudyjskaRijad
60%
IranTeheran
60%
JordaniaAmman
40%
KazachstanAstana
40%
IrakBagdad
40%
KatarDoha
40%
NepalKatmandu
40%
MalezjaKuala Lumpur
40%
BahrainManama
40%
FilipinyManila
40%
Sri LankaSri Dżajawardanapura Kotte
40%
TajwanTajpej
40%
TurkmenistanAszchabad
20%
LibanBejrut
20%
KirgistanBiszkek
20%
BangladeszDhaka
20%
PakistanIslamabad
20%
OmanMaskat
20%
KambodzaPhnom Penh
20%
BruneiBandar Seri Begawan
0%
Timor WschodniDili
0%
TadżykistanDuszanbe
0%
MjanmaNaypyidaw
0%
JemenSana
0%
UzbekistanTaszkent
0%
BhutanThimphu
0%
LaosWientian
0%

Rozkład punktacji

Percentyl według liczby udzielonych odpowiedzi

Procent ludzi z każdym wynikiem

Twoja historia wyników

Nie rozwiązałeś tego quizu od ostatniego zresetowania